MARC

LEADER 00000nam0a2200000 4500
001 363816
005 20231102011627.0
035 |a (RuTPU)RU\TPU\retro\21163 
090 |a 363816 
100 |a 20211012d1981 m y0rusy50 ca 
101 1 |a eng  |c rus 
102 |a RU 
105 |a a j 001zy 
200 1 |a Векторный анализ  |d Vector Analysis  |e учебное пособие  |f М. Л. Краснов, А. И. Киселев, Г. И. Макаренко  |g под ред. Г. Ванковского 
210 |a Москва  |c Мир  |d 1981 
215 |a 192 с.  |c ил. 
300 |a На англ. яз. 
320 |a Библиогр.: с. 187 
320 |a Алф.-предм. указ.: с. 189-190 
454 1 |0 (RuTPU)RU\TPU\book\71922  |t Векторный анализ  |o учебное пособие  |f М. Л. Краснов, А. И. Киселев, Г. И. Макаренко  |c Москва  |n Наука  |d 1978  |p 159 с.  |s Избранные главы высшей математики для инженеров и студентов втузов. Задачи и упражнения  |a Краснов, Михаил Леонтьевич 
510 1 |a Vector Analysis  |z eng 
606 1 |a Векторный анализ  |2 stltpush  |3 (RuTPU)RU\TPU\subj\2113  |9 30723 
610 1 |a математика 
610 1 |a вектор-функция 
610 1 |a скалярное поле 
610 1 |a векторные поля 
610 1 |a потенциальные поля 
610 1 |a операторы Гамильтона 
610 1 |a криволинейные координаты 
610 1 |a учебные пособия 
610 1 |a английский язык 
675 |a 514.742(075.8)  |v 4 
700 1 |a Краснов  |b М. Л.  |g Михаил Леонтьевич 
701 1 |a Киселев  |b А. И.  |g Александр Иванович 
701 1 |a Макаренко  |b Г. И.  |g Григорий Иванович 
702 1 |a Ванковский  |b Г.  |g Георг  |4 340 
801 1 |a RU  |b 63413507  |c 20211012 
801 2 |a RU  |b 63413507  |c 20230623  |g RCR 
942 |c BK